| 000 | 01209nam a22002535i 4500 | ||
|---|---|---|---|
| 001 | 158928 | ||
| 003 | ES-MaACL | ||
| 005 | 20250824075546.0 | ||
| 008 | 000404s1870 sp |||| | spa d | ||
| 040 |
_aCAM _bspa _cCAM |
||
| 100 | 1 |
_aMartinez, Cipriano. _9223050 |
|
| 245 | 1 | 4 |
_aLos alcaldes de Monzón _b: zarzuela cómica en tres actos y en verso / _coriginal de Cipriano Martinez ; música de Angel Rubio y Rafael Aceves. |
| 260 |
_aMadrid : _b[s.n.], _c1870 ( _fImprenta de José Rodriguez) |
||
| 300 |
_a72, [1] p. ; _c20 cm. |
||
| 490 | 1 | _aEl teatro contemporáneo | |
| 500 | 1 | _aEn port.: Representada ... en el Teatro de Verano (Circo de Paul), la noche del 13 de mayo de 1870. | |
| 500 | _aSolo la letra. | ||
| 596 | 1 | _aMenciones de editor y de serie constan en la cub. | |
| 700 | 0 |
_aRubio, Angel. _9100337 |
|
| 700 | 1 |
_aAceves, Rafael. _9125537 |
|
| 830 | 0 | 3 |
_aEl teatro contemporáneo (Imp. de José Rodríguez) _9221898 |
| 852 |
_aES-MaACL _jF-8560(3) _z-- Enc. pasta española _z-- Dedicatoria ms. del autor al tenor Pastor _q-- Falto de la cub. original _z-- Enc. en un vol. facticio formando parte de la col. facticia "Teatro español moderno", v. 12 |
||
| 999 |
_c158928 _d158928 |
||